| 000 | 00741nam a2200193 i 4500 | ||
|---|---|---|---|
| 001 | 61422 | ||
| 003 | ES-MaACL | ||
| 005 | 20250903063059.0 | ||
| 007 | t| | ||
| 008 | 031112s1931 sp ||||1| spa d | ||
| 245 | 0 | 0 | _aEvolución del comercio de España con los Estados Unidos de Norteamérica en relación con el de otros paises desde principios de este siglo. |
| 260 |
_aBarcelona : _bHerederos de Serra y Russell, _c1931. |
||
| 300 |
_a84, XLIV p. ; _c27 cm. |
||
| 500 | _aPrecede al título: Comité Nacional Español de la Cámara de Comercio Internacional. | ||
| 710 | 2 |
_aCámara de Comercio Internacional. _bComité Nacional Español _93092 |
|
| 852 |
_aES-MaACL _j1744-F-23 |
||
| 942 | _2udc | ||
| 999 |
_c61422 _d61422 |
||